02964nam a22002657a 450000500170000001000150001702000260003203500130005803700130007108200130008410000210009724500860011826000360020427000710024030000230031150000510033452016250038552004300201060000340244060000570247465000350253165000550256665000310262165000460265220230904163628.0 aENG-107448 a9788184001303c599.00 aEN-90981 bDBAD/PUB a340.092  aDiSalvo, Charles aM.K. Gandhi, attorney at law : cby Charles DiSalvobthe man before the Mahatma / aNoidabRandon House Indiac2012 aWindsor IT Park, 7th Floor, Tower-B, A-1,Sector-125bNoidae201301 axv,456p.c25cm(Hb) aIncludes bibliographical references and index. a" In 1888, at the age of eighteen, Mohandas Gandhi sets out from his modest home in India. Shy, timid, and soft-spoken, he embarks on what he believes will be a new life abroad. Twenty-seven years later, at the age of forty-five, he returns-this time fearless, impassioned, and ready to lead his country to freedom. What transformed him? The law. M. K. Gandhi, Attorney at Law is the first biography of the Mahatma’s early years as a lawyer. It follows Gandhi as he embarks on a personal journey of self-discovery: from his education in Britain, through the failure of his first law practice in India, to his eventual migration to South Africa. Though he found initial success representing wealthy Indian merchants, events on the ground would come to change him. Relentless attacks by the white colonial establishment on Indian civil rights prompted Gandhi to give up his lucrative business in favor of representing the oppressed in court. Gandhi had originally hoped that the South African legal system could be relied upon for justice. But when the courts failed to respond, he had no choice but to shift tactics, developing what would ultimately become his lasting legacy-the philosophy and practice of nonviolent civil disobedience. As he took on the most powerful governmental, economic, and political forces of his day, Gandhi transformed himself from a modest civil rights lawyer into a tireless freedom fighter. Relying on never-before-seen archival materials, this book provides the reader with a front-row seat to the dramatic events that would alter Gandhi-and history-forever. "-- |c Provided by publisher. a "This book shows how Gandhi’s early life in the law played a critical role in the subsequent evolution of his philosophy and theory of nonviolent civil disobedience. The author traces Gandhi’s maturation from a tongue-tied novice to a competent professional, from civil rights lawyer to freedom fighter, finally integrating his principles of morality and spirituality into his political life"-- |c Provided by publisher. a Gandhi, Mahatma,d1869-1948. a Gandhi, Mahatma,d1869-1948 xTravelzSouth Africa. a Lawyers z Indiav Biography. a South AfricaxPolitics and governmenty1836-1909. a HISTORY / Asia / General. a SOCIAL SCIENCE / Anthropology / Cultural